[Event "Niedersachsen-ch op B"]
[Site "Verden"]
[Date "2018.01.04"]
[Round "2"]
[White "Neumann, Tiemon"]
[Black "Luecke, Kristina"]
[Result "1-0"]
[WhiteElo "1647"]
[BlackElo "1534"]
[PlyCount "88"]
[EventDate "2018.01.04"]
[EventType "swiss"]
[EventRounds "7"]
[EventCountry "GER"]
[SourceTitle "EXT 2022"]
[Source "ChessBase"]
[SourceDate "2021.10.06"]
[SourceVersion "1"]
[SourceVersionDate "2021.10.06"]
[SourceQuality "1"]

1. g3 Nf6 2. Bg2 d5 3. Nf3 g6 4. 0-0 Bg7 5. d3 0-0 6. Nbd2 Nc6 7. c4 e6 8. Rb1 Ne7 9. b3 Nd7 10. Bb2 f6 11. Nd4 Ne5 12. N2f3 Nf7 13. Bh3 e5 14. Ne6 Bxe6 15. Bxe6 d4 16. Ba3 Re8 17. Qd2 Nc8 18. Bh3 f5 19. Rbd1 Bh6 20. Qb4 a5 21. Qxb7 Nb6 22. Nd2 e4 23. f4 Re6 24. Nxe4 Rb8 25. Qa6 Ra8 26. Qb5 c6 27. Qc5 Bf8 28. Qxf8+ Qxf8 29. Bxf8 Kxf8 30. Rfe1 Rae8 31. Nc5 Rxe2 32. Rxe2 Rxe2 33. a4 Ke7 34. Bf1 Re3 35. Nb7 Kd7 36. Kf2 Nd8 37. Nxa5 Kd6 38. Bg2 Kc5 39. Rb1 Kb4 40. Nxc6+ Nxc6 41. Bxc6 Rxd3 42. Bb5 Rd2+ 43. Kf3 Rxh2 44. a5 Kxa5 1-0

[Event "Niedersachsen-ch op"]
[Site "Verden"]
[Date "2016.01.05"]
[Round "5"]
[White "Raetzke von Stoyentin, Steffen"]
[Black "Neumann, Tiemon"]
[Result "1/2-1/2"]
[WhiteElo "1984"]
[BlackElo "1743"]
[PlyCount "94"]
[EventDate "2016.01.03"]
[EventType "swiss"]
[EventRounds "7"]
[EventCountry "GER"]
[SourceTitle "EXT 2018"]
[Source "ChessBase"]
[SourceDate "2017.10.13"]
[SourceVersion "1"]
[SourceVersionDate "2017.10.13"]
[SourceQuality "1"]

1. d4 e5 2. dxe5 Nc6 3. Nf3 Qe7 4. Qd5 f6 5. exf6 Nxf6 6. Qd1 b6 7. e3 Bb7 8. c3 0-0-0 9. Be2 Kb8 10. 0-0 h6 11. a4 a5 12. Nbd2 g5 13. Nd4 Nxd4 14. exd4 h5 15. Bf3 g4 16. Bxb7 Kxb7 17. Re1 Qf7 18. Ne4 d5 19. Nxf6 Qxf6 20. Qe2 Bd6 21. Qe6 Rhe8 22. Qxe8 Rxe8 23. Rxe8 Be7 24. Bh6 Qf7 25. Rh8 Bf6 26. Rf8 Qg6 27. Bf4 Bg7 28. Rd8 Qf6 29. Rd7 Qxf4 30. Rxg7 Qd2 31. Rf1 Qxb2 32. Rg5 Qxc3 33. Rxd5 h4 34. f4 Qe3+ 35. Kh1 Qe4 36. Re5 Qxd4 37. Ree1 h3 38. Re2 Qd3 39. Ref2 hxg2+ 40. Kxg2 Qh3+ 41. Kg1 g3 42. hxg3 Qxg3+ 43. Rg2 Qe3+ 44. Rgf2 Qd4 45. f5 Qf6 46. Re1 c5 47. Re6 Qg5+ 1/2-1/2

[Event "Niedersachsen-ch op-A"]
[Site "Verden"]
[Date "2015.01.04"]
[Round "5"]
[White "Roehrkasten, Reinhard"]
[Black "Neumann, Tiemon"]
[Result "1/2-1/2"]
[WhiteElo "1971"]
[BlackElo "1664"]
[PlyCount "122"]
[EventDate "2015.01.02"]
[EventType "swiss"]
[EventRounds "7"]
[EventCountry "GER"]
[SourceTitle "EXT 2018"]
[Source "ChessBase"]
[SourceDate "2017.10.13"]
[SourceVersion "1"]
[SourceVersionDate "2017.10.13"]
[SourceQuality "1"]

1. d4 Nf6 2. Nf3 g6 3. c4 Bg7 4. Nc3 0-0 5. Bg5 d6 6. e3 Nbd7 7. Be2 Re8 8. 0-0 e5 9. dxe5 Nxe5 10. Qc2 h6 11. Bh4 c6 12. Rfd1 Qc7 13. Nxe5 dxe5 14. Bg3 Be6 15. Rd2 Rad8 16. Rad1 Nd7 17. b4 Nb6 18. c5 Nd5 19. a3 Rd7 20. e4 Nxc3 21. Qxc3 Red8 22. Rxd7 Rxd7 23. Rxd7 Qxd7 24. f3 Qd4+ 25. Qxd4 exd4 26. Bd3 Kf8 27. Kf1 Ke7 28. Ke2 Bb3 29. Bf4 Ke6 30. Kd2 h5 31. Bc2 Bc4 32. a4 Be5 33. Bxe5 Kxe5 34. Bd3 Bb3 35. a5 a6 36. g3 g5 37. Ke2 h4 38. Kf2 h3 39. Ke2 Be6 40. Kf2 f6 41. Ke2 Bb3 42. Kf2 Be6 43. Bf1 g4 44. Bd3 f5 45. f4+ Kf6 46. Ke2 fxe4 47. Bxe4 Bc4+ 48. Bd3 Bd5 49. Kd2 Ke6 50. Be2 Bf3 51. Bc4+ Kf6 52. Kd3 Bd1 53. Kxd4 Bc2 54. Bd3 Bb3 55. Ke3 Bd5 56. Kd4 Bb3 57. Bh7 Be6 58. Ke4 Bd5+ 59. Ke3 Bf3 60. f5 Ke5 61. Bg6 Be4 1/2-1/2

[Event "GER-chT North U14"]
[Site "Magdeburg"]
[Date "2013.09.15"]
[Round "7.3"]
[White "Meyerfeldt, Tim"]
[Black "Neumann, Tiemon"]
[Result "0-1"]
[WhiteElo "1484"]
[BlackElo "1640"]
[PlyCount "68"]
[EventDate "2013.09.12"]
[EventType "team-swiss"]
[EventRounds "7"]
[EventCountry "GER"]
[SourceTitle "EXT 2014"]
[Source "ChessBase"]
[SourceDate "2013.11.20"]
[SourceVersion "1"]
[SourceVersionDate "2013.11.20"]
[SourceQuality "1"]
[WhiteTeam "Hamburg Eppendorf"]
[BlackTeam "Aurich"]
[WhiteTeamCountry "GER"]
[BlackTeamCountry "GER"]

1. d4 Nf6 2. Nf3 e6 3. c4 d5 4. g3 c6 5. Bg2 Nbd7 6. Nbd2 Bd6 7. 0-0 0-0 8. Qc2 Re8 9. Rd1 Qe7 10. e4 e5 11. dxe5 Nxe5 12. Nxe5 Qxe5 13. cxd5 cxd5 14. exd5 Bf5 15. Qb3 Bc5 16. Rf1 Rad8 17. Nc4 Qe7 18. Bg5 h6 19. Bxf6 Qxf6 20. Ne3 Bg6 21. Rad1 b6 22. Qb5 Qe5 23. Rfe1 Qc7 24. Qc6 Qb8 25. Rd2 Bb4 26. Ree2 Bxd2 27. Rxd2 Rc8 28. Qb5 Red8 29. Qb4 Rc1+ 30. Bf1 Qd6 31. Qb3 Be4 32. Rd4 Qe5 33. Rd2 Qf6 34. Qb4 Qf3 0-1

[Event "GER-chT North U14"]
[Site "Magdeburg"]
[Date "2013.09.12"]
[Round "1.3"]
[White "Neumann, Tiemon"]
[Black "Vogt, Julian"]
[Result "1-0"]
[WhiteElo "1640"]
[BlackElo "1260"]
[PlyCount "103"]
[EventDate "2013.09.12"]
[EventType "team-swiss"]
[EventRounds "7"]
[EventCountry "GER"]
[SourceTitle "EXT 2014"]
[Source "ChessBase"]
[SourceDate "2013.11.20"]
[SourceVersion "1"]
[SourceVersionDate "2013.11.20"]
[SourceQuality "1"]
[WhiteTeam "Aurich"]
[BlackTeam "Ruedersdorf"]
[WhiteTeamCountry "GER"]
[BlackTeamCountry "GER"]

1. e4 d5 2. exd5 Qxd5 3. Nc3 Qa5 4. Bc4 e5 5. d3 c6 6. Bd2 Qc7 7. Qe2 b5 8. Bb3 a5 9. a3 Nf6 10. Nf3 Bd6 11. 0-0 0-0 12. Bg5 Nh5 13. Ne4 Nf4 14. Bxf4 exf4 15. Nxd6 Qxd6 16. Rfe1 Nd7 17. Ng5 Nf6 18. Qe7 Qxe7 19. Rxe7 Nd5 20. Re4 Bf5 21. Re5 Bg6 22. Bxd5 cxd5 23. Rxd5 Rfc8 24. c3 h6 25. Nf3 Rd8 26. Rxd8+ Rxd8 27. d4 Rd5 28. Re1 f6 29. Re7 a4 30. Rc7 Bd3 31. Rc5 Rd6 32. d5 Kf7 33. Nd4 Rb6 34. Rc7+ Kf8 35. Ne6+ Ke8 36. Rxg7 Rd6 37. Nxf4 Bc4 38. Rb7 Bxd5 39. Rxb5 Bc6 40. Rb8+ Kd7 41. h3 Rd1+ 42. Kh2 Rd2 43. Kg3 Kc7 44. Rb4 f5 45. Ne6+ Kc8 46. Rc4 Rd3+ 47. f3 Kb7 48. Nc5+ Kb6 49. Nxd3 f4+ 50. Rxf4 h5 51. Rh4 Kb5 52. Ne5 1-0

[Event "GER-ch U25 op-A"]
[Site "Oberhof"]
[Date "2013.05.23"]
[Round "7"]
[White "Bruehan, Caren"]
[Black "Neumann, Tiemon"]
[Result "0-1"]
[WhiteElo "1643"]
[BlackElo "1708"]
[PlyCount "102"]
[EventDate "2013.05.19"]
[EventType "swiss"]
[EventRounds "9"]
[EventCountry "GER"]
[SourceTitle "CBM 154 Extra"]
[Source "ChessBase"]
[SourceDate "2013.06.25"]
[SourceVersion "2"]
[SourceVersionDate "2013.06.25"]
[SourceQuality "1"]

1. d4 d5 2. Nf3 Nc6 3. e3 Bg4 4. c3 Nf6 5. Nbd2 e6 6. Bd3 Bd6 7. h3 Bh5 8. 0-0 0-0 9. Re1 e5 10. dxe5 Nxe5 11. Be2 Nxf3+ 12. Bxf3 Bg6 13. Qb3 Rb8 14. Qd1 Re8 15. b3 c5 16. Bb2 Be5 17. Qc1 Qd6 18. Nf1 b6 19. Rd1 Rbd8 20. Bxd5 Nxd5 21. c4 Qf6 22. Bxe5 Rxe5 23. Rxd5 Rexd5 24. cxd5 Rxd5 25. Ng3 Bc2 26. Qe1 Qxa1 27. Qxa1 Rd1+ 28. Qxd1 Bxd1 29. Kf1 Bc2 30. Ke2 Bb1 31. a3 Ba2 32. b4 cxb4 33. axb4 a5 34. bxa5 bxa5 35. Ne4 Bc4+ 36. Kd2 Bf1 37. Kc3 Bxg2 38. Nd6 Bxh3 39. Kb3 h5 40. Ka4 h4 41. Kxa5 Bg2 42. Nf5 h3 43. Ng3 h2 44. Kb5 h1Q 45. Nxh1 Bxh1 46. f4 Kh7 47. Kc5 Kg6 48. Kd4 Kf5 49. Kd3 f6 50. Ke2 Ke4 51. Kf2 Bf3 0-1

[Event "GER-ch U25 op-A"]
[Site "Oberhof"]
[Date "2013.05.21"]
[Round "4"]
[White "Weiss, Reinhold"]
[Black "Neumann, Tiemon"]
[Result "1-0"]
[WhiteElo "1861"]
[BlackElo "1708"]
[PlyCount "75"]
[EventDate "2013.05.19"]
[EventType "swiss"]
[EventRounds "9"]
[EventCountry "GER"]
[SourceTitle "CBM 154 Extra"]
[Source "ChessBase"]
[SourceDate "2013.06.25"]
[SourceVersion "2"]
[SourceVersionDate "2013.06.25"]
[SourceQuality "1"]

1. e4 e5 2. Nf3 Nc6 3. Bb5 a6 4. Bxc6 bxc6 5. Nxe5 Qe7 6. d4 d6 7. Nf3 Qxe4+ 8. Be3 Bg4 9. Nbd2 Qe6 10. 0-0 Be7 11. Re1 Qd7 12. c4 Nf6 13. Bg5 0-0 14. h3 Bh5 15. Qc2 Rfe8 16. Re3 h6 17. Bh4 Bg6 18. Qa4 Ne4 19. Nxe4 Bxh4 20. Nxh4 Bxe4 21. Rae1 Bh7 22. Qxa6 g5 23. Rxe8+ Rxe8 24. Rxe8+ Qxe8 25. Nf3 f6 26. b3 h5 27. Qa5 Qd7 28. a4 Be4 29. Nd2 Bc2 30. Qc3 Bh7 31. a5 Qc8 32. b4 Qb7 33. Qa3 Qa6 34. b5 cxb5 35. cxb5 Qxb5 36. a6 Qb8 37. a7 Qa8 38. Qb3+ 1-0

[Event "GER-ch U25 op-A"]
[Site "Oberhof"]
[Date "2013.05.19"]
[Round "1"]
[White "Faldum, Manfred"]
[Black "Neumann, Tiemon"]
[Result "1-0"]
[WhiteElo "1865"]
[BlackElo "1708"]
[PlyCount "59"]
[EventDate "2013.05.19"]
[EventType "swiss"]
[EventRounds "9"]
[EventCountry "GER"]
[SourceTitle "CBM 154 Extra"]
[Source "ChessBase"]
[SourceDate "2013.06.25"]
[SourceVersion "2"]
[SourceVersionDate "2013.06.25"]
[SourceQuality "1"]

1. Nf3 Nc6 2. g3 g6 3. Bg2 Bg7 4. 0-0 d6 5. c4 Nf6 6. Nc3 e5 7. d3 Be6 8. Rb1 d5 9. Ng5 0-0 10. Nxe6 fxe6 11. Bg5 Ne7 12. Qb3 Qd6 13. Bxf6 Bxf6 14. cxd5 exd5 15. Nxd5 Nxd5 16. Qxd5+ Kg7 17. Qxd6 cxd6 18. Bxb7 Rab8 19. Bd5 Rfc8 20. Rfd1 Bg5 21. e3 Rc5 22. Bc4 d5 23. b4 Rc6 24. Bxd5 Rcb6 25. Rdc1 Bd8 26. Rc6 Rxb4 27. Rxb4 Rxb4 28. Rd6 Bb6 29. Rd7+ Kh8 30. Re7 1-0

[Event "GER-ch U25 op-B"]
[Site "Oberhof"]
[Date "2012.06.01"]
[Round "8"]
[White "Haeusler, Luis"]
[Black "Neumann, Tiemon"]
[Result "1/2-1/2"]
[WhiteElo "1124"]
[BlackElo "1382"]
[PlyCount "63"]
[EventDate "2012.05.27"]
[EventType "swiss"]
[EventRounds "9"]
[EventCountry "GER"]
[SourceTitle "CBM 148 Extra"]
[Source "ChessBase"]
[SourceDate "2012.06.22"]
[SourceVersion "1"]
[SourceVersionDate "2012.06.22"]
[SourceQuality "1"]

1. e4 e5 2. f4 Nc6 3. Nf3 f5 4. Nc3 Bb4 5. Bc4 Bxc3 6. dxc3 Qe7 7. Bb3 Nf6 8. 0-0 Nxe4 9. Re1 d6 10. Qd5 Nf6 11. Qd1 e4 12. Nd4 Na5 13. Ba4+ Kf7 14. Nf3 Rd8 15. Ng5+ Kg8 16. b4 Nc6 17. Bb3+ d5 18. c4 Be6 19. Qe2 Nd4 20. Qf2 Nxb3 21. cxb3 h6 22. Nxe6 Qxe6 23. cxd5 Nxd5 24. a3 Qb6 25. Qxb6 Nxb6 26. Bb2 g5 27. fxg5 hxg5 28. g4 f4 29. Rxe4 Rd5 30. Re7 Rd7 31. Re5 Rd5 32. Re7 1/2-1/2

[Event "GER-ch U25 op-B"]
[Site "Oberhof"]
[Date "2012.05.31"]
[Round "7"]
[White "Dathe, Frederick"]
[Black "Neumann, Tiemon"]
[Result "0-1"]
[WhiteElo "1036"]
[BlackElo "1382"]
[PlyCount "58"]
[EventDate "2012.05.27"]
[EventType "swiss"]
[EventRounds "9"]
[EventCountry "GER"]
[SourceTitle "CBM 148 Extra"]
[Source "ChessBase"]
[SourceDate "2012.06.22"]
[SourceVersion "1"]
[SourceVersionDate "2012.06.22"]
[SourceQuality "1"]

1. c4 e5 2. Nc3 Nc6 3. Nf3 f5 4. d3 g6 5. g3 Nf6 6. Bg5 Bg7 7. Bxf6 Qxf6 8. Nd5 Qd6 9. Rb1 Nb4 10. Nxb4 Qxb4+ 11. Qd2 Qxd2+ 12. Nxd2 0-0 13. Bg2 c6 14. 0-0 d6 15. f4 exf4 16. Rxf4 Bh6 17. Rd4 Be3+ 18. Kh1 Bxd4 19. Nf3 Bg7 20. d4 Be6 21. b3 d5 22. c5 b6 23. b4 bxc5 24. bxc5 Rab8 25. Ra1 Rb4 26. e3 Rfb8 27. Nd2 Rb2 28. Nf1 Rb1 29. Rxb1 Rxb1 0-1